banner koha

Agricultura de baixo carbono: quem cumpre as decisões? (Registro n. 9615)

MARC details
000 -LÍDER
Campo de controle fixo 01135nam a22003257a 4500
001 - NÚMERO DE CONTROLE
Número de controle BR2023000870
003 - CÓDIGO MARC DA AGÊNCIA CATALOGADORA
Campo de controle BR-BrBNA
005 - DATA E HORA DA ÚLTIMA ATUALIZAÇÃO
Campo de controle 20230807092341.0
008 - CAMPO DE TAMANHO FIXO
Campo fixo de controle 230712b bl.||||| |||| 00| 0 por d
040 ## - FONTE DA CATALOGAÇÃO
Agência catalogadora BR-BrBNA
Idioma da catalogação por
Agência que transcreveu Biblioteca Nacional de Agricultura
041 ## - CÓDIGO DO IDIOMA
Código do Idioma por
072 ## - CATEGORIA AGRIS
Código da categoria de assunto P01 ; A50 ; E10
090 ## - NÚMERO DE CHAMADA
Número de Chamada P01 BR2023000870
100 ## - ENTRADA PRINCIPAL - NOME PESSOAL
Nome pessoal Prado Júnior, Sérvio Túlio
110 ## - ENTRADA PRINCIPAL - ENTIDADE
Nome da entidade ou lugar Fundação Getúlio Vargas, São Paulo, SP (Brazil).
Unidades subordinadas Centro de Agronegócio, Escola de Economia de São Paulo.
245 ## - TÍTULO PRINCIPAL
Título principal Agricultura de baixo carbono: quem cumpre as decisões?
Subtítulo Uma análise de governança do Plano ABC no âmbito do Observatório ABC - Sumário Executivo
260 ## - IMPRENTA (PUBLICAÇÃO, DISTRIBUIÇÃO, ETC.)
Lugar de publicação, distribuição, etc. São Paulo, SP (Brazil)
Data de publicação, distribuição, etc [nd]
300 ## - DESCRIÇÃO FÍSICA
Extensão 28 p.
500 ## - NOTA GERAL
Notas gerais Published 2013?; 13 illus.; 1 table
650 ## - ASSUNTO - THESAGRO
Cabeçalho tópico ou nome geográfico AGRICULTURA SUSTENTÁVEL
650 ## - ASSUNTO - THESAGRO
Cabeçalho tópico ou nome geográfico DESENVOLVIMENTO SUSTENTÁVEL
650 ## - ASSUNTO - THESAGRO
Cabeçalho tópico ou nome geográfico PRESERVAÇÃO DA NATUREZA
650 ## - ASSUNTO - THESAGRO
Cabeçalho tópico ou nome geográfico GÁS
650 ## - ASSUNTO - THESAGRO
Cabeçalho tópico ou nome geográfico EFEITO ESTUFA
650 ## - ASSUNTO - THESAGRO
Cabeçalho tópico ou nome geográfico POLÍTICA AGRÍCOLA
650 ## - ASSUNTO - THESAGRO
Cabeçalho tópico ou nome geográfico PESQUISA AGRÍCOLA
650 ## - ASSUNTO - THESAGRO
Cabeçalho tópico ou nome geográfico POLÍTICAS PÚBLICAS
909 ## - IDENTIFICAÇÃO DO CATALOGADOR
Ano e mês da catalogação (aaaamm) 202307
Identificação do catalogador Fernando
942 ## - TIPO ESPECÍFICO
Tipo de material Livros
952 ## - LOCATION AND ITEM INFORMATION (KOHA)
-- 2023-07-12
Exemplares
Status de empréstimo Fonte de classificação Status de danificação Não pode ser emprestado Código da coleção Localização permanente Localização atual Localização na estante Total Checkouts Número de chamada Código de barras Tipo de material
  Classificação AGRIS     Agrobase Biblioteca Nacional de Agricultura - Binagri Biblioteca Nacional de Agricultura - Binagri Agrobase - Acervo Geral   P01 BR2023000870 2023-435913 Livros

BINAGRI

Telefone: (61)3218-2567/2388/3357/2097 - binagri@agro.gov.br

Ministério da Agricultura e Pecuária , Esplanada dos Ministérios, Bloco D, Anexo B, Brasília/DF, CEP: 70.043-900